[Event "Rennes op 2nd"]
[Site "Rennes"]
[Date "2009.07.20"]
[Round "6"]
[White "Legras, Sebastien"]
[Black "Le Goff, Damien"]
[Result "0-1"]
[WhiteElo "1700"]
[BlackElo "2270"]
[PlyCount "44"]
[EventDate "2009.07.15"]
[EventType "swiss"]
[EventRounds "9"]
[EventCountry "FRA"]
[SourceTitle "EXT 2011"]
[Source "ChessBase"]
[SourceDate "2010.11.26"]
[SourceVersion "1"]
[SourceVersionDate "2010.11.26"]
[SourceQuality "1"]

1. d4 e6 2. Nf3 Nf6 3. e3 g6 4. Bd3 Bg7 5. 0-0 0-0 6. b3 d6 7. c4 Nc6 8. Nc3 a5 9. Bb2 e5 10. dxe5 dxe5 11. Be2 e4 12. Nd4 Nb4 13. a3 Na6 14. Qc2 c6 15. Rfd1 Qe7 16. Qb1 Re8 17. b4 axb4 18. axb4 Qxb4 19. Qa2 Bg4 20. Bxg4 Nxg4 21. Nce2 Qe7 22. Qb1 Qh4 0-1